[Event "Frankfurt Ch 2012"]
[Site "Ffm-Kalbach, LAZ"]
[Date "2012.05.14"]
[Round "3.28"]
[White "Genis, Roy"]
[Black "Seickel, Ralf"]
[Result "1-0"]
[WhiteElo "1730"]
[BlackElo "1928"]
[PlyCount "82"]
[EventDate "2012.??.??"]
[WhiteTeam "Sfr. Frankfurt 1921"]
[BlackTeam "vereinslos"]

1. e4 c5 2. c3 d6 3. d4 Nf6 4. Bd3 Qc7 5. Nf3 g6 6. O-O Bg7 7. Bf4 O-O 8. Nbd2
b6 9. d5 Nbd7 10. Qc2 Ne5 11. Bxe5 dxe5 12. Rac1 Nh5 13. Bb5 Rb8 14. Bc6 Nf4
15. Rfe1 Bg4 16. g3 Qc8 17. Re3 Bxf3 18. Nxf3 Nh3+ 19. Kg2 f6 20. Rce1 Bh6 21.
Rd3 Qg4 22. Rde3 Bxe3 23. Rxe3 Nf4+ 24. Kh1 Qh3 25. gxf4 exf4 26. Ng1 Qg4 27.
Rf3 Rbc8 28. Qa4 Rc7 29. Qc4 Kg7 30. Qf1 e5 31. c4 f5 32. exf5 Qxf5 33. Rc3 Kh8
34. Ba4 Rf6 35. Bc2 Qg4 36. Qh3 Qxh3 37. Nxh3 h6 38. f3 Kg7 39. Nf2 h5 40. Ne4
Rf5 41. Nd6 Rf6 1-0

[Event "Frankfurt Ch 2012"]
[Site "Ffm-Kalbach, LAZ"]
[Date "2012.05.14"]
[Round "3.29"]
[White "Wagner, Dirk"]
[Black "Storch, Dominik"]
[Result "1-0"]
[WhiteElo "1922"]
[BlackElo "1730"]
[PlyCount "71"]
[EventDate "2012.??.??"]
[WhiteTeam "SC Matt im Park Ffm"]
[BlackTeam "Sabt Frankfurter TV 1860"]

1. d4 f5 2. c4 e6 3. g3 d5 4. Bg2 c6 5. Nf3 Bd6 6. b3 Qe7 7. Ne5 Nf6 8. O-O O-O
9. Nd3 Nbd7 10. Nc3 Ne4 11. Bb2 Ndf6 12. e3 Bd7 13. f3 Nxc3 14. Bxc3 Be8 15.
Qd2 a5 16. Bxa5 b5 17. cxb5 cxb5 18. Bb4 Bd7 19. Bxd6 Qxd6 20. Rfc1 Ra7 21. Rc2
Rfa8 22. Rac1 h6 23. Bf1 g5 24. Nc5 Be8 25. Bd3 f4 26. g4 h5 27. exf4 gxf4 28.
g5 Rg7 29. h4 e5 30. Rf1 exd4 31. Kh1 Nd7 32. Nxd7 Bxd7 33. Qf2 Re8 34. Qxd4
Qe6 35. Re2 Qh3+ 36. Rh2 1-0

[Event "Frankfurt Ch 2012"]
[Site "Ffm-Kalbach, LAZ"]
[Date "2012.05.14"]
[Round "3.30"]
[White "Zepuntke, Thomas"]
[Black "Faqiry, Ramat"]
[Result "0-1"]
[WhiteElo "1729"]
[BlackElo "1908"]
[PlyCount "35"]
[EventDate "2012.??.??"]
[WhiteTeam "vereinslos"]
[BlackTeam "SK Bad Homburg 1927"]

1. d4 Nf6 2. Nf3 b5 3. e3 a6 4. a4 b4 5. Bd2 e6 6. c3 Nc6 7. Bd3 d5 8. O-O Bd6
9. Qe1 Qe7 10. c4 dxc4 11. Bxc4 Ne4 12. Bc1 Na5 13. Bd3 Bb7 14. Nbd2 f5 15. Bc2
O-O 16. Nxe4 fxe4 17. Nd2 Qh4 18. f4 0-1

[Event "Frankfurt Ch 2012"]
[Site "Ffm-Kalbach, LAZ"]
[Date "2012.05.14"]
[Round "3.31"]
[White "Larem, Peter"]
[Black "Zimmer, Gerald"]
[Result "1/2-1/2"]
[WhiteElo "1726"]
[BlackElo "1888"]
[PlyCount "90"]
[EventDate "2012.??.??"]
[WhiteTeam "SSg Rödermark/Eppertshausen"]
[BlackTeam "SC Bergen-Enkheim 1922"]

1. e4 e6 2. d4 d5 3. Nc3 Bb4 4. e5 c5 5. a3 Bxc3+ 6. bxc3 Qa5 7. Bd2 Qa4 8. Nf3
Nc6 9. Be3 c4 10. Be2 Bd7 11. O-O Nge7 12. Qb1 b6 13. Qb2 O-O-O 14. Nh4 f6 15.
f4 h5 16. Qc1 Rdf8 17. Qd2 Be8 18. f5 Nxf5 19. Nxf5 exf5 20. exf6 Rxf6 21. Bg5
Rff8 22. Bf3 Bf7 23. Qf4 Nd8 24. Qxf5+ Qd7 25. Qxd7+ Kxd7 26. Rae1 Ne6 27. Re5
Nc7 28. Re7+ Kd6 29. Rfe1 Ne6 30. h4 Nxg5 31. hxg5 Re8 32. Rxe8 Rxe8 33. Rxe8
Bxe8 34. Kf2 Bg6 35. Ke3 Ke6 36. g4 hxg4 37. Bxg4+ Bf5 38. Bd1 Be4 39. Kf4 g6
40. Bg4+ Kd6 41. Bd1 a5 42. Ke3 Kc6 43. Kd2 Kb5 44. Kc1 Ka4 45. Kb2 Kb5 1/2-1/2

[Event "Frankfurt Ch 2012"]
[Site "Ffm-Kalbach, LAZ"]
[Date "2012.05.14"]
[Round "3.32"]
[White "Geringer, Waldemar"]
[Black "Bastian, Holger"]
[Result "0-1"]
[WhiteElo "1885"]
[BlackElo "1690"]
[PlyCount "82"]
[EventDate "2012.??.??"]
[WhiteTeam "SSg Rödermark/Eppertshausen"]
[BlackTeam "Aschaffenburg- Schweinheim e.V."]

1. d4 Nf6 2. c4 g6 3. Nc3 Bg7 4. e4 d6 5. Nf3 O-O 6. Be2 Nc6 7. d5 Nb8 8. O-O
c6 9. Re1 cxd5 10. exd5 Nbd7 11. Bf1 Re8 12. Bf4 a5 13. Qd2 Nc5 14. Nd4 Bd7 15.
b3 Qc8 16. Rac1 Bf5 17. f3 h5 18. Ncb5 Bd7 19. Bxd6 Bxb5 20. Nxb5 exd6 21. Nxd6
Nxb3 22. Rxe8+ Nxe8 23. axb3 Qc5+ 24. Kh1 Nxd6 25. Re1 Re8 26. Bd3 Rxe1+ 27.
Qxe1 Qd4 28. Qb1 b6 29. g3 Qa1 30. Qxa1 Bxa1 31. Kg2 Bd4 32. f4 Kg7 33. Kf3 Kf6
34. Ke2 Bg1 35. h3 Nf5 36. Bxf5 Kxf5 37. g4+ hxg4 38. hxg4+ Kxg4 39. d6 Bc5 40.
d7 Be7 41. Ke3 Kf5 0-1

[Event "Frankfurt Ch 2012"]
[Site "Ffm-Kalbach, LAZ"]
[Date "2012.05.14"]
[Round "3.33"]
[White "Budde, Michael"]
[Black "Busic, Nedjeljko"]
[Result "0-1"]
[WhiteElo "1720"]
[BlackElo "1883"]
[PlyCount "96"]
[EventDate "2012.??.??"]
[WhiteTeam "SC 1979 Hattersheim"]
[BlackTeam "SC Bad Nauheim"]

1. d4 Nf6 2. c4 g6 3. Nc3 Bg7 4. e4 d6 5. Nf3 O-O 6. Be2 e5 7. d5 Nbd7 8. Bg5
h6 9. Be3 a6 10. b4 Ng4 11. Bd2 f5 12. h3 Ngf6 13. Qc2 f4 14. Na4 Nh5 15. c5
Ndf6 16. b5 Nxe4 17. Qxe4 Bf5 18. Qb4 e4 19. Nd4 e3 20. fxe3 Qh4+ 21. Kd1 fxe3
22. Nxf5 Qxb4 23. Bxb4 Bxa1 24. Nxh6+ Kh7 25. Ng4 Rf4 26. Bc3 Rxa4 27. Bxa1
Rxa2 28. Bc3 Ng3 29. Nf6+ Kh6 30. Ng4+ Kg5 31. Re1 axb5 32. cxd6 cxd6 33. Nxe3
Ra1+ 34. Bxa1 Rxa1+ 35. Kd2 Ne4+ 36. Kd3 Rxe1 37. Nc2 Nc5+ 38. Kd2 Rb1 39. Na3
Rb2+ 40. Nc2 b4 41. Kc1 Ra2 42. Bc4 b3 43. Nd4 Rxg2 44. Bf1 Rf2 45. Be2 Kf4 46.
Bc4 Ke4 47. Ne2 Ke3 48. Ng3 Rc2+ 0-1

[Event "Frankfurt Ch 2012"]
[Site "Ffm-Kalbach, LAZ"]
[Date "2012.05.14"]
[Round "3.34"]
[White "Stock, Jürgen"]
[Black "Geipert, Wilfried"]
[Result "0-1"]
[WhiteElo "1881"]
[BlackElo "1689"]
[PlyCount "104"]
[EventDate "2012.??.??"]
[WhiteTeam "SC Eschborn 1974"]
[BlackTeam "SC Brett vor'm Kopp Ffm"]

1. d4 d5 2. c3 Nf6 3. Bg5 Bf5 4. Nd2 c6 5. e3 Nbd7 6. f4 Qb6 7. b3 Ng4 8. Qf3
Ngf6 9. Ne2 Qa5 10. a4 c5 11. Bxf6 Nxf6 12. Rc1 e6 13. Ng3 Bg4 14. Qf2 a6 15.
Bd3 Be7 16. h3 Bh5 17. Nxh5 Nxh5 18. g4 Nf6 19. O-O Qc7 20. c4 O-O 21. cxd5
exd5 22. e4 Rad8 23. exd5 Rxd5 24. Ne4 Qd7 25. Nxc5 Bxc5 26. Rxc5 Rxc5 27. g5
Nh5 28. Bxh7+ Kxh7 29. dxc5 Qxh3 30. Qc2+ g6 31. Rf2 Qe3 32. Qc4 Qe6 33. Qd3
Re8 34. f5 Qe1+ 35. Kg2 Qe4+ 36. Qxe4 Rxe4 37. fxg6+ Kxg6 38. Rc2 Re6 39. b4
Nf4+ 40. Kf3 Nd5 41. b5 Kxg5 42. c6 bxc6 43. bxa6 Nc7 44. Rc5+ Kf6 45. a7 Ke7
46. Rh5 Kd7 47. Rh7 Re7 48. Rh8 Re8 49. Rh7 Ke7 50. Rh6 Ne6 51. Ke4 Ra8 52. Rh4
Rxa7 0-1

[Event "Frankfurt Ch 2012"]
[Site "Ffm-Kalbach, LAZ"]
[Date "2012.05.14"]
[Round "3.35"]
[White "Lemonidis, Christos"]
[Black "Schmitt, Roland"]
[Result "0-1"]
[WhiteElo "1702"]
[BlackElo "1878"]
[PlyCount "42"]
[EventDate "2012.??.??"]
[WhiteTeam "SC 1961 König Nied"]
[BlackTeam "SK Großsachsen"]

1. e4 c5 2. d3 g6 3. g3 Bg7 4. Bg2 Nc6 5. Nd2 Nf6 6. c3 O-O 7. Nh3 d5 8. Qe2 b6
9. e5 Ng4 10. f4 Bf5 11. Nf2 Nxf2 12. Kxf2 f6 13. exf6 Rxf6 14. Rd1 Qd7 15. Kg1
Rd6 16. Nf1 Re8 17. Ne3 e5 18. Nxf5 Qxf5 19. Rf1 Qe6 20. fxe5 Bxe5 21. Bd2 Bd4+
0-1

[Event "Frankfurt Ch 2012"]
[Site "Ffm-Kalbach, LAZ"]
[Date "2012.05.14"]
[Round "3.36"]
[White "Rauscher, Joachim"]
[Black "Kolker, Vladislav"]
[Result "1/2-1/2"]
[WhiteElo "1689"]
[BlackElo "1870"]
[PlyCount "90"]
[EventDate "2012.??.??"]
[WhiteTeam "SC Brett vor'm Kopp Ffm"]
[BlackTeam "Sfr.1891 Friedberg"]

1. e4 e5 2. Nf3 Nc6 3. Bc4 Nf6 4. d3 Be7 5. Nc3 d6 6. h3 Na5 7. Bb3 Nxb3 8.
axb3 O-O 9. O-O h6 10. Be3 a6 11. d4 exd4 12. Nxd4 Re8 13. f4 b6 14. e5 dxe5
15. fxe5 Nd5 16. Nxd5 Qxd5 17. c4 Qe4 18. Qf3 Qxf3 19. Rxf3 Bb7 20. Rg3 Kh7 21.
Rf1 f6 22. Ne6 Bd8 23. Nxd8 Raxd8 24. exf6 g6 25. Bf4 Rd7 26. Re3 Rxe3 27. Bxe3
Rf7 28. Bd4 g5 29. Re1 Kg6 30. Re8 Rd7 31. Bc3 Kf7 32. Rh8 Kg6 33. Rb8 Be4 34.
Kf2 Bc2 35. b4 Bd3 36. c5 bxc5 37. bxc5 Bb5 38. Rg8+ Kh7 39. Rg7+ Rxg7 40. fxg7
Kg8 41. b4 Kf7 42. g3 Bc4 43. h4 gxh4 44. gxh4 Kg6 45. Kg3 Kf5 1/2-1/2

[Event "Frankfurt Ch 2012"]
[Site "Ffm-Kalbach, LAZ"]
[Date "2012.05.14"]
[Round "3.37"]
[White "Thomele, Michael"]
[Black "Bittner, Peter"]
[Result "1/2-1/2"]
[WhiteElo "1868"]
[BlackElo "1682"]
[PlyCount "112"]
[EventDate "2012.??.??"]
[WhiteTeam "SC 1959 Obernau"]
[BlackTeam "SC 1961 König Nied"]

1. e4 e5 2. Nf3 Nc6 3. Nc3 d6 4. Bc4 Be7 5. h3 Nf6 6. d4 exd4 7. Nxd4 O-O 8.
Be3 a6 9. a4 Nxd4 10. Qxd4 Be6 11. Be2 Nd7 12. O-O Bf6 13. Qd2 Nc5 14. Bd4 Kh8
15. f4 Bxd4+ 16. Qxd4 f5 17. e5 Qe7 18. b4 Nd7 19. exd6 cxd6 20. Bf3 Nf6 21.
Rfe1 Qd7 22. Bxb7 Qxb7 23. Rxe6 Rab8 24. b5 axb5 25. axb5 Ne4 26. Nxe4 fxe4 27.
Rxe4 Qxb5 28. Qxd6 Qb2 29. Qd1 Rbd8 30. Qc1 Qb6+ 31. Kh1 Qf2 32. c4 Rd2 33. Qf1
Qb6 34. Rae1 h6 35. Re8 Rxe8 36. Rxe8+ Kh7 37. Qe1 Rd4 38. Re4 Rd6 39. Qc1 Qb3
40. Re1 Rd4 41. Qb1+ Qxb1 42. Rxb1 Rxc4 43. Rf1 g6 44. Kh2 Kg7 45. Rf3 h5 46.
g4 hxg4 47. hxg4 g5 48. Kg3 gxf4+ 49. Rxf4 Rc1 50. Rf5 Kg6 51. Rb5 Rg1+ 52. Kf3
Rf1+ 53. Kg2 Rf4 54. Kg3 Rf1 55. Rb3 Kg5 56. Rb5+ Kg6 1/2-1/2

[Event "Frankfurt Ch 2012"]
[Site "Ffm-Kalbach, LAZ"]
[Date "2012.05.14"]
[Round "3.38"]
[White "Lebermann, Hellmuth"]
[Black "Balzereit, Georg"]
[Result "1-0"]
[WhiteElo "1862"]
[BlackElo "1607"]
[PlyCount "74"]
[EventDate "2012.??.??"]
[WhiteTeam "SK Bad Homburg 1927"]
[BlackTeam "vereinslos"]

1. e4 c5 2. Nf3 d6 3. c3 Nf6 4. Be2 Nc6 5. Qc2 Bg4 6. d4 e6 7. Be3 Be7 8. Nbd2
O-O 9. dxc5 dxc5 10. O-O Qc7 11. h3 Bh5 12. Rfe1 Rad8 13. a4 h6 14. Nh2 Bg6 15.
f3 Nh5 16. Nhf1 Bh4 17. Red1 b6 18. Bb5 Ne7 19. Nc4 f5 20. Rxd8 Rxd8 21. Ncd2
f4 22. Bf2 Bxf2+ 23. Kxf2 c4 24. Bxc4 Qc5+ 25. Ke1 Qg1 26. Nb3 Ng3 27. Qf2 Qh1
28. Rd1 Rxd1+ 29. Kxd1 Nc6 30. Bxe6+ Bf7 31. Bxf7+ Kxf7 32. Nbd2 Ne5 33. Kc2
Nxf1 34. Qxf1 Qh2 35. Qf2 Qh1 36. Qd4 Ng6 37. Qd5+ Kf6 1-0

[Event "Frankfurt Ch 2012"]
[Site "Ffm-Kalbach, LAZ"]
[Date "2012.05.14"]
[Round "3.39"]
[White "Koch, Thomas"]
[Black "Goldt, Rainer"]
[Result "1/2-1/2"]
[WhiteElo "1669"]
[BlackElo "1852"]
[PlyCount "35"]
[EventDate "2012.??.??"]
[WhiteTeam "SV 1934 Ffm-Griesheim"]
[BlackTeam "Kreuznacher SV 1921 e.V."]

1. e4 c6 2. d4 d5 3. e5 c5 4. Nf3 e6 5. g3 Nc6 6. c3 Qc7 7. Bf4 b6 8. Na3 a6 9.
Bg2 Nge7 10. O-O Ng6 11. Be3 Be7 12. h4 h6 13. Nc2 Bd7 14. a3 c4 15. Nd2 Rc8
16. Nb4 a5 17. Nxc6 Bxc6 18. f4 1/2-1/2

[Event "Frankfurt Ch 2012"]
[Site "Ffm-Kalbach, LAZ"]
[Date "2012.05.14"]
[Round "3.40"]
[White "Aßmann, Hendrik"]
[Black "Cipca, Adrian"]
[Result "1/2-1/2"]
[WhiteElo "1850"]
[BlackElo "1663"]
[PlyCount "64"]
[EventDate "2012.??.??"]
[WhiteTeam "Sfr.Erbach"]
[BlackTeam "SK Bad Homburg 1927"]

1. e4 c5 2. f4 d6 3. Nf3 Nc6 4. c3 Nf6 5. d3 g6 6. Be2 Bg7 7. O-O O-O 8. Na3 e6
9. Qe1 a6 10. Qh4 b5 11. Nc2 Nh5 12. Qf2 Bb7 13. g4 Nf6 14. Qh4 Nd7 15. Qh3 b4
16. Bd2 a5 17. f5 exf5 18. gxf5 Nce5 19. Bh6 c4 20. Nxe5 dxe5 21. fxg6 hxg6 22.
Bxg7 Kxg7 23. Qe3 bxc3 24. bxc3 cxd3 25. Bxd3 Qc7 26. Rab1 Rab8 27. Rfc1 Qc5
28. Rb5 Qxc3 29. Ne1 Qd4 30. Qxd4 exd4 31. Rxa5 Rfc8 32. Rxc8 Rxc8 1/2-1/2

[Event "Frankfurt Ch 2012"]
[Site "Ffm-Kalbach, LAZ"]
[Date "2012.05.14"]
[Round "3.41"]
[White "Becker, Karl-Heinz"]
[Black "Ostermeier, Thorsten"]
[Result "0-1"]
[WhiteElo "1652"]
[BlackElo "1849"]
[PlyCount "116"]
[EventDate "2012.??.??"]
[WhiteTeam "SSg Rödermark/Eppertshausen"]
[BlackTeam "Sfr. Frankfurt 1921"]

1. Nf3 d5 2. g3 c5 3. Bg2 Nc6 4. d4 e6 5. O-O Nf6 6. c3 b6 7. Nbd2 Bd6 8. Re1
O-O 9. dxc5 Bxc5 10. Nb3 Ne4 11. Nxc5 bxc5 12. Nd2 f5 13. f3 Nxd2 14. Bxd2 Bb7
15. Be3 Qd6 16. Bf2 Rf7 17. Qc2 Raf8 18. Rf1 e5 19. Rad1 f4 20. a3 a5 21. Qd2
d4 22. Qd3 Ne7 23. b4 axb4 24. axb4 cxb4 25. cxd4 fxg3 26. Bxg3 Qxd4+ 27. Qxd4
exd4 28. Rxd4 Ba6 29. Re1 Nc6 30. Rd2 g5 31. Bd6 Re8 32. e4 Ne5 33. Bxb4 Nxf3+
34. Bxf3 Rxf3 35. e5 Bc8 36. Rg2 g4 37. Rg3 Rf4 38. Bd6 Rd4 39. Rge3 Bb7 40.
Bc5 Rc4 41. Bd6 Bf3 42. h3 h5 43. hxg4 hxg4 44. Rb1 Kf7 45. Rb8 Re6 46. Rh8 Kg7
47. Rh2 Kg6 48. Re1 Kg5 49. Kf2 Kf4 50. Kg1 Kg3 51. Ra1 Re8 52. Rb1 Rd8 53. Ra1
Rc6 54. Rb1 Rdc8 55. Rf2 Rh8 56. Rxf3+ gxf3 57. Rd1 f2+ 58. Kf1 Rh1+ 0-1

[Event "Frankfurt Ch 2012"]
[Site "Ffm-Kalbach, LAZ"]
[Date "2012.05.14"]
[Round "3.42"]
[White "Achelrod, Alexander"]
[Black "Riha, Peter"]
[Result "1/2-1/2"]
[WhiteElo "1846"]
[BlackElo "1592"]
[PlyCount "105"]
[EventDate "2012.??.??"]
[WhiteTeam "Sfr. Heusenstamm"]
[BlackTeam "SC Bergen-Enkheim 1922"]

1. d4 Nf6 2. c4 e5 3. dxe5 Ng4 4. Bf4 Nc6 5. Nf3 Bb4+ 6. Nc3 Bxc3+ 7. bxc3 Qe7
8. Qd5 f6 9. exf6 Nxf6 10. Qg5 d6 11. e3 Ne4 12. Qxe7+ Kxe7 13. Rc1 b6 14. Bd3
Nc5 15. Be2 Na5 16. Bg5+ Kf7 17. Nd4 Bb7 18. f3 h6 19. Bh4 a6 20. O-O Rae8 21.
Bf2 Rhf8 22. e4 Kg8 23. Rfe1 Bc8 24. Bf1 Bd7 25. Rb1 Re7 26. Nb3 Nab7 27. Rb2
Be6 28. Nd4 Bd7 29. h3 Na5 30. Nb3 Nab7 31. Bg3 Rfe8 32. Rd2 Bc8 33. Red1 Na4
34. Rc1 Nac5 35. Nd4 Na5 36. Bf2 Kh8 37. Nb3 Ncxb3 38. axb3 Nxb3 39. Rcd1 Nxd2
40. Rxd2 Bb7 41. Ra2 Ra8 42. Bd4 a5 43. Bd3 Ree8 44. Kf2 Reb8 45. e5 dxe5 46.
Bxe5 Rd8 47. Be2 Rd7 48. h4 Re8 49. f4 Ra8 50. g4 Kg8 51. Ke3 Kf8 52. g5 hxg5
53. hxg5 1/2-1/2

[Event "Frankfurt Ch 2012"]
[Site "Ffm-Kalbach, LAZ"]
[Date "2012.05.14"]
[Round "3.43"]
[White "Weber, Axel"]
[Black "Fröhlich-Dill, Astrid"]
[Result "0-1"]
[WhiteElo "1490"]
[BlackElo "1825"]
[PlyCount "112"]
[EventDate "2012.??.??"]
[WhiteTeam "Sfr. Frankfurt 1921"]
[BlackTeam "SV 1920 Hofheim"]

1. e4 c5 2. Nf3 Nc6 3. d4 cxd4 4. Nxd4 e6 5. Nc3 a6 6. Nxc6 bxc6 7. Bd3 d5 8.
O-O d4 9. Ne2 e5 10. f4 f6 11. fxe5 fxe5 12. Bc4 Nf6 13. Qd3 Be7 14. Qg3 Qd6
15. Qxg7 Rf8 16. Bg5 Qc5 17. Bd3 Rg8 18. Qh6 Rg6 19. Qh4 Ng8 20. Bxe7 Qxe7 21.
Qxe7+ Kxe7 22. Ng3 Nh6 23. Be2 c5 24. Rf2 Bb7 25. Raf1 Rag8 26. Bf3 Bc6 27.
Nf5+ Kd7 28. Nxh6 Rxh6 29. Rd1 Rh4 30. Re1 c4 31. Kh1 Ke7 32. Rd2 Rb8 33. b3 c3
34. Rf2 Rf8 35. g3 Rh6 36. Kg2 Rhf6 37. a4 Rh8 38. Bg4 Rxf2+ 39. Kxf2 d3 40.
Bd1 Rf8+ 41. Ke3 d2 42. Rg1 a5 43. g4 Rf4 44. Bf3 Kf6 45. h4 Ke7 46. Rh1 Kf6
47. Rg1 h6 48. Rh1 Kg6 49. Rg1 Kf7 50. Rh1 Bd7 51. Rg1 Kg6 52. Be2 Bc6 53. Bf3
Rf8 54. g5 h5 55. Rh1 Rf4 56. Bg2 Rxh4 0-1

[Event "Frankfurt Ch 2012"]
[Site "Ffm-Kalbach, LAZ"]
[Date "2012.05.14"]
[Round "3.45"]
[White "Barisch, Florian"]
[Black "Mook, Karl-Jürgen"]
[Result "1-0"]
[WhiteElo "1800"]
[BlackElo "1278"]
[PlyCount "61"]
[EventDate "2012.??.??"]
[WhiteTeam "SV 1934 Ffm-Griesheim"]
[BlackTeam "Sfr. Frankfurt 1921"]

1. d4 d5 2. c4 e6 3. Nc3 Nf6 4. Bg5 c6 5. Nf3 Nbd7 6. e3 Bb4 7. Qc2 O-O 8. Bd3
dxc4 9. Bxc4 h6 10. Bh4 Re8 11. O-O-O Be7 12. Bg3 Nd5 13. Kb1 N7f6 14. Ne4 Nxe4
15. Qxe4 Nf6 16. Qc2 Bd6 17. Ne5 Qe7 18. Bh4 Qd8 19. g4 g5 20. Bg3 Qe7 21. h4
Kg7 22. hxg5 hxg5 23. f4 Bxe5 24. dxe5 Rg8 25. exf6+ Qxf6 26. Qh7+ Kf8 27. f5
e5 28. Bxe5 Qxe5 29. Rd8+ Ke7 30. Qxf7+ Kxd8 31. Rd1+ 1-0

[Event "Frankfurt Ch 2012"]
[Site "Ffm-Kalbach, LAZ"]
[Date "2012.05.14"]
[Round "3.46"]
[White "Fußnecker, Manfred"]
[Black "Günther, Rainer"]
[Result "1-0"]
[WhiteElo "1876"]
[BlackElo "1603"]
[PlyCount "65"]
[EventDate "2012.??.??"]
[WhiteTeam "Sfr. Frankfurt 1921"]
[BlackTeam "SV Mainz-Mombach"]

1. e4 c5 2. Nf3 d6 3. Bb5+ Bd7 4. Bxd7+ Nxd7 5. d4 cxd4 6. Qxd4 Ngf6 7. Nc3 e5
8. Qd3 a6 9. Bg5 Be7 10. O-O-O Rc8 11. Nh4 Ng4 12. Bxe7 Qxe7 13. Qg3 Qg5+ 14.
Rd2 f6 15. Nf5 O-O 16. f3 Nh6 17. Qxg5 fxg5 18. Ne7+ Kf7 19. Nxc8 Rxc8 20. Rxd6
Nc5 21. b4 Ne6 22. Nd5 Nd4 23. c3 Kf8 24. Kd2 Nb5 25. Rd7 Nf7 26. Rxb7 Nfd6 27.
Rd7 Nc4+ 28. Ke2 a5 29. a4 Nba3 30. h4 axb4 31. cxb4 Nb2 32. Rc7 Ra8 33. hxg5
1-0

[Event "Frankfurt Ch 2012"]
[Site "Ffm-Kalbach, LAZ"]
[Date "2012.05.14"]
[Round "3.47"]
[White "Roggensack, Hans Peter"]
[Black "Imelmann, Esther"]
[Result "1-0"]
[WhiteElo "1822"]
[BlackElo "1599"]
[PlyCount "51"]
[EventDate "2012.??.??"]
[WhiteTeam "Sfr. Frankfurt 1921"]
[BlackTeam "SC 1961 König Nied"]

1. e4 e6 2. Qe2 e5 3. Nf3 Nc6 4. g3 Nf6 5. Bg2 d6 6. O-O Be7 7. c3 O-O 8. h3
Ne8 9. d4 exd4 10. cxd4 f5 11. e5 d5 12. h4 Be6 13. Nc3 a6 14. Rd1 Na5 15. Ng5
Bxg5 16. Bxg5 Qd7 17. b3 c6 18. Bd2 Qd8 19. Na4 b6 20. Rac1 c5 21. Bg5 Qb8 22.
dxc5 b5 23. Nb6 Ra7 24. Nxd5 Nc6 25. Nf4 Qc8 26. Nxe6 1-0

[Event "Frankfurt Ch 2012"]
[Site "Ffm-Kalbach, LAZ"]
[Date "2012.05.14"]
[Round "3.48"]
[White "Reichel, Rolf"]
[Black "Weber, Andreas"]
[Result "1/2-1/2"]
[WhiteElo "1619"]
[BlackElo "1723"]
[PlyCount "47"]
[EventDate "2012.??.??"]
[WhiteTeam "Sfr. Frankfurt 1921"]
[BlackTeam "SC Flörsheim 1921"]

1. e4 c5 2. Nc3 Nc6 3. f4 a6 4. Nf3 d6 5. Be2 Nd4 6. O-O Nxe2+ 7. Qxe2 Bg4 8.
h3 Bd7 9. e5 e6 10. f5 d5 11. d4 Qc7 12. Ng5 Nh6 13. fxe6 fxe6 14. Nxh7 O-O-O
15. Nxf8 Rdxf8 16. Bxh6 gxh6 17. Qe3 cxd4 18. Qxd4 Kb8 19. Rf2 Rxf2 20. Kxf2
Rf8+ 21. Kg1 Rf5 22. Re1 Bc6 23. Nd1 Qf7 24. c3 1/2-1/2

[Event "Frankfurt Ch 2012"]
[Site "Ffm-Kalbach, LAZ"]
[Date "2012.05.14"]
[Round "3.49"]
[White "Plattner, Rolf"]
[Black "Willenbring, Jens-Dirk"]
[Result "1/2-1/2"]
[WhiteElo "1680"]
[BlackElo "1522"]
[PlyCount "105"]
[EventDate "2012.??.??"]
[WhiteTeam "SK Langen"]
[BlackTeam "Bad Vilbeler Sfr.1985"]

1. e4 c6 2. d4 d5 3. e5 Bf5 4. g4 Be6 5. Bg2 Qb6 6. Nc3 h5 7. h3 hxg4 8. hxg4
Rxh1 9. Bxh1 g6 10. f4 Na6 11. Bf3 Nc7 12. Na4 Qa5+ 13. c3 Na6 14. Be3 Qc7 15.
Nh3 b5 16. Nc5 Nxc5 17. dxc5 Nh6 18. Nf2 Bd7 19. Qd2 Qc8 20. f5 Ng8 21. fxg6
fxg6 22. Qd3 Be6 23. Qxg6+ Bf7 24. Qd3 e6 25. g5 Ne7 26. Ng4 Bg6 27. Nf6+ Kd8
28. Qe2 Nf5 29. Bf2 Kc7 30. Bh5 Ne7 31. Bxg6 Nxg6 32. Bg3 Bxc5 33. O-O-O Qa6
34. Kb1 Rh8 35. Qd3 Ne7 36. g6 Nf5 37. g7 Nxg7 38. Qg6 Bf8 39. Qf7+ Kc8 40. Bf2
Qb7 41. Qg6 Qe7 42. b4 Nf5 43. Bc5 Qd8 44. Bxa7 Be7 45. Qf7 Bxf6 46. Qxe6+ Qd7
47. Qxf6 Re8 48. Bc5 Qe6 49. Rf1 Ng3 50. Rf3 Ne4 51. Qxe6+ Rxe6 52. Rf8+ Kd7
53. Bd4 1/2-1/2

[Event "Frankfurt Ch 2012"]
[Site "Ffm-Kalbach, LAZ"]
[Date "2012.05.14"]
[Round "3.50"]
[White "Lehmann, Gerit"]
[Black "Liebske, Reiner"]
[Result "0-1"]
[WhiteElo "1407"]
[BlackElo "1672"]
[PlyCount "72"]
[EventDate "2012.??.??"]
[WhiteTeam "Sfr. Frankfurt 1921"]
[BlackTeam "SV Frankfurt Nord 1926"]

1. d4 Nf6 2. Nf3 e6 3. Bf4 d5 4. e3 Bd6 5. Bxd6 Qxd6 6. c4 b6 7. Nc3 a6 8. Qb3
Nbd7 9. cxd5 exd5 10. Be2 O-O 11. O-O Re8 12. a4 h6 13. Qa3 Qe6 14. b4 c6 15.
b5 axb5 16. Qb4 bxa4 17. Nxa4 Ba6 18. Bxa6 Rxa6 19. Nc3 Rea8 20. Rxa6 Rxa6 21.
Rb1 c5 22. Qb2 Qc6 23. Qb5 Qxb5 24. Nxb5 c4 25. Nc3 Ra3 26. Rc1 Rb3 27. Nd2 Rb2
28. Nxd5 Rxd2 29. Nc3 Rb2 30. f3 b5 31. Nd1 Rb3 32. Kf2 Nb6 33. e4 b4 34. Ne3
c3 35. Ke2 Rb2+ 36. Kd1 Rd2+ 0-1

[Event "Frankfurt Ch 2012"]
[Site "Ffm-Kalbach, LAZ"]
[Date "2012.05.14"]
[Round "3.51"]
[White "Gutacker, Stephan"]
[Black "Fischer, Lutz"]
[Result "1-0"]
[WhiteElo "1806"]
[BlackElo "1530"]
[PlyCount "65"]
[EventDate "2012.??.??"]
[WhiteTeam "Sfr.1932 Kelkheim"]
[BlackTeam "Sfr. Frankfurt 1921"]

1. e4 e6 2. d4 d5 3. Nd2 Nf6 4. e5 Nfd7 5. Bd3 c5 6. c3 Nc6 7. Ne2 cxd4 8. cxd4
f6 9. exf6 Nxf6 10. O-O Bd6 11. Nf3 Qc7 12. Bg5 O-O 13. Rc1 Bd7 14. Bb1 Rae8
15. Ng3 Qb8 16. Re1 h6 17. Bxf6 gxf6 18. Nh4 Ne7 19. Qg4+ Kh8 20. Ng6+ Nxg6 21.
Qxg6 Re7 22. Qxh6+ Kg8 23. Nh5 f5 24. Nf6+ Rxf6 25. Qxf6 Bxh2+ 26. Kh1 Rh7 27.
Qg6+ Kh8 28. Rc3 Bg3+ 29. Kg1 Bxf2+ 30. Kxf2 Qf4+ 31. Ke2 Bb5+ 32. Bd3 Rg7 33.
Rc8+ 1-0

[Event "Frankfurt Ch 2012"]
[Site "Ffm-Kalbach, LAZ"]
[Date "2012.05.14"]
[Round "3.52"]
[White "Schellen, Sven"]
[Black "Heun, Andreas"]
[Result "1-0"]
[WhiteElo "1770"]
[BlackElo "1492"]
[PlyCount "69"]
[EventDate "2012.??.??"]
[WhiteTeam "Sfr. Frankfurt 1921"]
[BlackTeam "SC Ladja Roßdorf"]

1. d4 g6 2. c4 Bg7 3. e4 d6 4. Nc3 Nf6 5. Nf3 a5 6. Be2 Na6 7. O-O O-O 8. h3 c6
9. Be3 Nc7 10. Qd2 b5 11. cxb5 cxb5 12. e5 b4 13. exf6 bxc3 14. fxe7 cxd2 15.
exd8=Q Rxd8 16. Nxd2 Rb8 17. Rac1 Nd5 18. b3 Re8 19. Nc4 Bf8 20. Bf3 Nxe3 21.
fxe3 Ba6 22. Rfe1 Bh6 23. Kf2 a4 24. Nxd6 Red8 25. Rc6 Bb5 26. Nxb5 Rxb5 27.
bxa4 Rb2+ 28. Re2 Rb4 29. a5 Ra4 30. Ra6 Bf8 31. Ra7 Bd6 32. Rb2 h5 33. Bd1 Bb8
34. Rab7 Rxa2 35. Rxb8 1-0

[Event "Frankfurt Ch 2012"]
[Site "Ffm-Kalbach, LAZ"]
[Date "2012.05.14"]
[Round "3.53"]
[White "Popp, Matthias"]
[Black "Arnold, Michael"]
[Result "1/2-1/2"]
[WhiteElo "1519"]
[BlackElo "1703"]
[PlyCount "95"]
[EventDate "2012.??.??"]
[WhiteTeam "SC Bergen-Enkheim 1922"]
[BlackTeam "SK Langen"]

1. d4 d5 2. Nf3 e6 3. Bf4 c5 4. e3 Nc6 5. c3 Bd6 6. Ne5 Nxe5 7. dxe5 Be7 8. Nd2
f6 9. Bd3 g6 10. O-O fxe5 11. Bxe5 Nf6 12. c4 O-O 13. Rc1 Bd6 14. f4 Qe7 15.
Be2 Bd7 16. Nf3 Ng4 17. Qb3 Bxe5 18. Nxe5 Nxe5 19. fxe5 Bc6 20. Rf2 Rxf2 21.
Kxf2 Qh4+ 22. Kg1 Qg5 23. Bf1 Qxe5 24. cxd5 Bxd5 25. Qc3 Qxc3 26. Rxc3 b6 27.
b3 Rf8 28. Bd3 Rf6 29. Rc1 Kf8 30. Rf1 Ke7 31. Rxf6 Kxf6 32. Kf2 Ke5 33. g3 Be4
34. Bc4 g5 35. Ke2 h6 36. Kf2 Bc6 37. Bd3 b5 38. a3 a6 39. Ke2 Bd5 40. Bc2 a5
41. Kd2 c4 42. bxc4 Bxc4 43. Kc3 Kd5 44. Bg6 Kc5 45. Bc2 e5 46. Bd1 b4+ 47.
axb4+ axb4+ 48. Kb2 1/2-1/2